| 000 | 00439nam a2200145Ia 4500 | ||
|---|---|---|---|
| 008 | 220530s9999 xx 000 0 und d | ||
| 020 | _a203386 | ||
| 041 | _aeng | ||
| 082 |
_a621(54):050 _bSAN |
||
| 100 |
_aSanan,R.K. ( Editor) _957741 |
||
| 245 | _aJournals of the Institution of Engineers (India) | ||
| 260 |
_aKolkata _bThe Institution Engineers ( India) _c2011 |
||
| 300 |
_a425P. _bVol.91 Jun-Dec.2010 & Jan To June 2011 |
||
| 906 | _a0 | ||
| 999 |
_c52079 _d52079 |
||